| 000 | 00338nam a2200133 a 4500 | ||
|---|---|---|---|
| 001 | 3858 | ||
| 003 | CDMR | ||
| 005 | 20130116135249.0 | ||
| 008 | 130130s2003||||||||||||||||||||||||||||d | ||
| 040 |
_aCDMR _bcat _cCDMR |
||
| 245 | 0 | _aAgenda de la multiculturalitat de Barcelona | |
| 260 |
_aBarcelona _c2003 _bAjuntament de Barcelona |
||
| 942 | _cMON | ||
| 999 |
_c3858 _d3858 |
||